Largest Religion by Country with Exceptions - Statistics

General Stats
  • This quiz has been taken 989 times
  • The average score is 8 of 36
Answers on the Map
Answers color-coded by a green-red scale on the quiz's map according to % correct below.
 
Answer Stats
Answer % Correct
Shinto
76%
Sikhism
63%
Taoism
59%
Paganism
48%
Zoroastrianism
48%
Confucianism
45%
Baháʼí
44%
Vodun
42%
Rodnovery
39%
Heathenry
38%
Dievturība
37%
Animism
33%
Rastafari
28%
Åsatru
22%
Hellenic
22%
Druze
19%
Chinese Folk Religion
18%
Tengrism
13%
Yazidism
13%
Spiritism
10%
Santeria
9%
Shinism
9%
Satsana Phi
7%
Bon
3%
Maausk
2%
Romuva
2%
Anitism
1%
Dogon
1%
Ibeorgun
1%
Kiratism
1%
Modekngei
1%
Sande/Poro
1%
Serer
1%
Swazi
1%
Waaqeffanna
1%
Winti
1%
No matching quizzes found
Score Distribution
Percent of People with Each Score
Percentile by Number Answered
Your Score History
You have not taken this quiz